15 Cities in Texas - Statistics

General Stats
  • This quiz has been taken 16 times
  • The average score is 9 of 15
Answer Stats
Population
(2025)
City or Township County % Correct
989,252 Austin Travis County
100%
1.3M Dallas Dallas County
100%
676,750 El Paso El Paso County
100%
2.3M Houston Harris County
100%
1.5M San Antonio Bexar County
100%
315,615 Corpus Christi Nueces County
69%
272,788 Lubbock Lubbock County
69%
292,711 Plano Collin County
69%
401,219 Arlington Tarrant County
54%
259,010 Laredo Webb County
38%
252,750 Irving Dallas County
23%
1.0M Fort Worth Tarrant County
15%
239,842 Frisco Denton County/Collin County
15%
241,576 Garland Dallas County
15%
224,183 McKinney Collin County
15%
No matching quizzes found
Score Distribution
Percent of People with Each Score
Percentile by Number Answered
Your Score History
You have not taken this quiz